[Event "Llinars del Valles op-B 9th"]
[Site "Llinars del Valles"]
[Date "2015.06.13"]
[Round "9"]
[White "Herrera Grande, Placid"]
[Black "Lobo Bruguera, Xavier"]
[Result "0-1"]
[WhiteElo "1679"]
[BlackElo "1763"]
[PlyCount "98"]
[EventDate "2015.04.11"]
[EventType "swiss"]
[EventRounds "9"]
[EventCountry "ESP"]
[SourceTitle "EXT 2018"]
[Source "ChessBase"]
[SourceDate "2017.10.13"]
[SourceVersion "1"]
[SourceVersionDate "2017.10.13"]
[SourceQuality "1"]

1. e4 e6 2. d4 d5 3. exd5 exd5 4. Nc3 Nf6 5. Nf3 Bg4 6. Be2 Bd6 7. Bg5 0-0 8. h3 Bxf3 9. gxf3 c6 10. Qd2 Nbd7 11. 0-0-0 b5 12. Rhg1 Kh8 13. Rg2 a5 14. Bd3 g6 15. f4 Qc7 16. f5 Rg8 17. Rdg1 Nh5 18. fxg6 hxg6 19. f4 Bxf4 20. Bxf4 Qxf4 21. Rf1 Qxd2+ 22. Rxd2 Kg7 23. Rg2 Rae8 24. Ne2 Re3 25. Bf5 Nb6 26. Bg4 Nf6 27. Bf5 Rge8 28. Bd3 Nh5 29. Rgf2 f5 30. h4 Nd7 31. Kd2 Ndf6 32. Rg2 Kf7 33. Nf4 Nxf4 34. Rxf4 Nh5 35. Rff2 Rh3 36. Bxf5 gxf5 37. Rxf5+ Nf6 38. Rg4 Rh2+ 39. Kd3 Ree2 40. h5 Rd2+ 41. Ke3 Rhe2+ 42. Kf4 Rf2+ 43. Ke5 Rxf5+ 44. Kxf5 Nxg4 45. Kxg4 Rxd4+ 46. Kg5 Kg7 47. h6+ Kh7 48. Kf5 Re4 49. c3 Kxh6 0-1

[Event "Llinars del Valles op-B 8th"]
[Site "Llinars del Valles"]
[Date "2015.05.09"]
[Round "5"]
[White "Lobo Bruguera, Xavier"]
[Black "Gomez Sanchez, Javier"]
[Result "0-1"]
[WhiteElo "1763"]
[BlackElo "1688"]
[PlyCount "54"]
[EventDate "2015.04.11"]
[EventType "swiss"]
[EventRounds "9"]
[EventCountry "ESP"]
[SourceTitle "EXT 2016"]
[Source "ChessBase"]
[SourceDate "2015.10.08"]
[SourceVersion "1"]
[SourceVersionDate "2015.10.08"]
[SourceQuality "1"]

1. d4 e6 2. c4 f5 3. Nc3 Nf6 4. Nf3 c6 5. Bf4 d5 6. e3 Nbd7 7. Rc1 Bb4 8. Qb3 Ba5 9. Bd3 0-0 10. 0-0 Nh5 11. Be5 Nxe5 12. Nxe5 Rf6 13. cxd5 exd5 14. Be2 Rh6 15. g3 Qe8 16. Nxd5 Be6 17. Qa4 Bxd5 18. Qxa5 Nf6 19. Bf3 Bxf3 20. Nxf3 Qh5 21. Kg2 Qh3+ 22. Kh1 Ng4 23. Qxf5 Nxf2+ 24. Rxf2 Qxf5 25. Rcf1 Qe4 26. Re1 Rf8 27. Kg2 Rhf6 0-1

[Event "Mataro op 11th"]
[Site "Mataro"]
[Date "2014.11.22"]
[Round "9"]
[White "Barco Garcia, Pedro"]
[Black "Lobo Bruguera, Xavier"]
[Result "0-1"]
[WhiteElo "1780"]
[BlackElo "1760"]
[PlyCount "34"]
[EventDate "2014.09.27"]
[EventType "swiss"]
[EventRounds "9"]
[EventCountry "ESP"]
[SourceTitle "EXT 2016"]
[Source "ChessBase"]
[SourceDate "2015.10.08"]
[SourceVersion "1"]
[SourceVersionDate "2015.10.08"]
[SourceQuality "1"]

1. d4 Nf6 2. c4 g6 3. Nc3 Bg7 4. e4 d6 5. Be2 0-0 6. Be3 e5 7. d5 Nbd7 8. Qd2 a5 9. Bh6 Nc5 10. f3 Nfxe4 11. Nxe4 Nxe4 12. fxe4 Qh4+ 13. Kd1 Bxh6 14. Qd3 f5 15. Bf3 fxe4 16. Qxe4 Qxe4 17. Bxe4 Rf1+ 0-1

[Event "Mataro op 11th"]
[Site "Mataro"]
[Date "2014.11.08"]
[Round "7"]
[White "Lobo Bruguera, Xavier"]
[Black "Vera Domingo, Salvador"]
[Result "1-0"]
[WhiteElo "1760"]
[BlackElo "1712"]
[PlyCount "29"]
[EventDate "2014.09.27"]
[EventType "swiss"]
[EventRounds "9"]
[EventCountry "ESP"]
[SourceTitle "EXT 2016"]
[Source "ChessBase"]
[SourceDate "2015.10.08"]
[SourceVersion "1"]
[SourceVersionDate "2015.10.08"]
[SourceQuality "1"]

1. d4 e6 2. e3 Be7 3. Bd3 Nf6 4. Nd2 d5 5. f4 0-0 6. Ngf3 Nc6 7. c3 a6 8. 0-0 Na7 9. Ne5 c5 10. g4 c4 11. Bc2 Nd7 12. g5 f6 13. Bxh7+ Kh8 14. Qh5 fxe5 15. Bg6+ 1-0

[Event "Mataro op 11th"]
[Site "Mataro"]
[Date "2014.10.18"]
[Round "4"]
[White "Lobo Bruguera, Xavier"]
[Black "Fernandez Arroyo, Andrea"]
[Result "1-0"]
[WhiteElo "1760"]
[BlackElo "1710"]
[PlyCount "79"]
[EventDate "2014.09.27"]
[EventType "swiss"]
[EventRounds "9"]
[EventCountry "ESP"]
[SourceTitle "EXT 2016"]
[Source "ChessBase"]
[SourceDate "2015.10.08"]
[SourceVersion "1"]
[SourceVersionDate "2015.10.08"]
[SourceQuality "1"]

1. d4 f5 2. Nf3 e6 3. e3 Nf6 4. c4 c6 5. Nc3 d5 6. a3 Bd6 7. c5 Bc7 8. Bd3 0-0 9. Bd2 Ne4 10. 0-0 Nd7 11. b4 b6 12. Ne2 Bb7 13. Nf4 Qe7 14. Rc1 g5 15. Bxe4 fxe4 16. Nxg5 Qxg5 17. Nxe6 Qh6 18. Qg4+ Kh8 19. Nxc7 Nf6 20. Qf4 Qxf4 21. exf4 Rac8 22. Ne6 Rce8 23. Nxf8 Rxf8 24. cxb6 axb6 25. g3 Ba6 26. Rfe1 Bc4 27. Kg2 Ra8 28. Ra1 Ne8 29. f3 Nd6 30. g4 Rg8 31. Kg3 exf3 32. Kxf3 Ne4 33. Rxe4 dxe4+ 34. Kg3 Be2 35. g5 Rd8 36. Be3 Kg7 37. a4 Kg6 38. Rc1 Rc8 39. d5 Ba6 40. Rxc6+ 1-0

[Event "Llinars del Valles op-B 8th"]
[Site "Llinars del Valles"]
[Date "2014.05.03"]
[Round "2"]
[White "Gonzalez Saguillo, Oriol"]
[Black "Lobo Bruguera, Xavier"]
[Result "1-0"]
[WhiteElo "1877"]
[BlackElo "1716"]
[PlyCount "121"]
[EventDate "2014.04.26"]
[EventType "swiss"]
[EventRounds "8"]
[EventCountry "ESP"]
[SourceTitle "EXT 2015"]
[Source "ChessBase"]
[SourceDate "2014.11.20"]
[SourceVersion "1"]
[SourceVersionDate "2014.11.20"]
[SourceQuality "1"]

1. d4 Nf6 2. c4 g6 3. d5 d6 4. Nc3 Bg7 5. e4 0-0 6. Bd3 e5 7. Nf3 Nbd7 8. 0-0 a6 9. a3 Nc5 10. Bc2 Ne8 11. b4 Nd7 12. Bg5 Ndf6 13. Qd2 Bd7 14. Rfd1 Bg4 15. Qe3 Qc8 16. Rac1 b6 17. Ba4 h6 18. Bxh6 Bxh6 19. Qxh6 Bxf3 20. gxf3 Nh5 21. Ne2 Qh3 22. Qe3 Kg7 23. f4 Qg4+ 24. Kf1 exf4 25. Qd4+ f6 26. Rc3 f3 27. Ng3 Nf4 28. Ke1 Rh8 29. Rdc1 Rxh2 30. Bd1 Ne2 31. Bxe2 fxe2 32. Qe3 Kf7 33. Kd2 Ng7 34. Qxe2 Qf4+ 35. Qe3 Rxf2+ 36. Ne2 Qh2 37. c5 Re8 38. cxb6 cxb6 39. Rc7+ Kg8 40. Rc8 b5 41. Kd3 Kh7 42. Rxe8 Nxe8 43. Rc6 Rf1 44. Rxa6 Rb1 45. Ra7+ Ng7 46. Kc2 Re1 47. Kd2 Ra1 48. Ra5 Ra2+ 49. Kd3 Rb2 50. Nd4 Qh1 51. Kc3 Ra2 52. Nb3 Qg2 53. Nd2 Qh1 54. Kd3 f5 55. Ra7 fxe4+ 56. Nxe4 Qb1+ 57. Kd4 Qb2+ 58. Qc3 Qe2 59. Qh3+ Kg8 60. Nf6+ Kf8 61. Qh8# 1-0

[Event "Roncana op-B 7th"]
[Site "Santa Eulalia de Roncana"]
[Date "2013.10.26"]
[Round "4"]
[White "Lobo Bruguera, Xavier"]
[Black "Masclans Badia, Xavier"]
[Result "0-1"]
[WhiteElo "1453"]
[BlackElo "1605"]
[PlyCount "126"]
[EventDate "2013.10.05"]
[EventType "swiss"]
[EventRounds "8"]
[EventCountry "ESP"]
[SourceTitle "EXT 2015"]
[Source "ChessBase"]
[SourceDate "2014.11.20"]
[SourceVersion "1"]
[SourceVersionDate "2014.11.20"]
[SourceQuality "1"]

1. d4 d5 2. c4 Nf6 3. Nc3 dxc4 4. Bg5 e6 5. e3 b6 6. Bxc4 Bb7 7. Nf3 Be7 8. 0-0 0-0 9. Bxf6 Bxf6 10. Be2 Nd7 11. Rc1 a6 12. Qc2 c5 13. Rfd1 Qc7 14. Ne4 Be7 15. Neg5 Nf6 16. Ne5 Bd6 17. f4 g6 18. b4 Nd5 19. Qb3 Qe7 20. bxc5 bxc5 21. Ngf3 cxd4 22. Rxd4 Rab8 23. Rdc4 Nxf4 24. exf4 Bd5 25. Qa4 Bxc4 26. Bxc4 Rb2 27. Bb3 Qa7+ 28. Kh1 Qf2 29. Bc2 Rc8 30. Nc4 Bxf4 31. Rg1 Rxc2 32. Nb6 Rb8 33. Qxf4 Rxb6 34. Qe4 Rxa2 35. Qa8+ Kg7 36. Qe4 a5 37. Ng5 Rab2 38. Qe5+ Qf6 39. Qe3 Rb1 40. Nf3 Rxg1+ 41. Nxg1 Rb1 42. h3 a4 43. Kh2 Rb5 44. Nf3 Ra5 45. Qb6 Rd5 46. Qb4 Qa1 47. h4 a3 48. Ng5 Qe5+ 49. Kh3 Rd3+ 50. Nf3 Qf5+ 51. Kh2 a2 52. Qb2+ Qf6 53. Qxa2 e5 54. Qe2 Rd5 55. Qe4 Qe6 56. h5 gxh5 57. Nh4 Rd4 58. Nf5+ Kf6 59. Nxd4 exd4 60. Qxd4+ Qe5+ 61. Qxe5+ Kxe5 62. Kg3 Kf5 63. Kh4 Kg6 0-1

[Event "Llinars del Valles op 5th"]
[Site "Llinars del Valles"]
[Date "2013.10.25"]
[Round "4"]
[White "Lobo Bruguera, Xavier"]
[Black "Garcia Castany, Jose"]
[Result "1/2-1/2"]
[WhiteElo "1714"]
[BlackElo "1700"]
[PlyCount "22"]
[EventDate "2013.10.04"]
[EventType "swiss"]
[EventRounds "8"]
[EventCountry "ESP"]
[SourceTitle "CBM 157 Extra"]
[Source "ChessBase"]
[SourceDate "2013.12.19"]
[SourceVersion "1"]
[SourceVersionDate "2013.12.19"]
[SourceQuality "1"]

1. d4 Nf6 2. c4 e6 3. Bg5 Be7 4. Nc3 d5 5. e3 0-0 6. Bd3 Nbd7 7. Nf3 a6 8. 0-0 dxc4 9. Bxc4 h5 10. Bd3 b5 11. Rc1 c5 1/2-1/2